| 000 | 01676cam a22004097a 4500 | ||
|---|---|---|---|
| 003 | CHAP | ||
| 005 | 20220329142735.0 | ||
| 008 | 030402s2002 mx a r 00010 spa d | ||
| 010 | _a87093 | ||
| 011 | _a88065 | ||
| 020 | _a968 5167 03 6 | ||
| 035 | _a98610 | ||
| 040 | _cCHAP | ||
| 082 | 0 | 4 |
_a635.964 _bV5 |
| 100 | 0 | 0 |
_aVargas Nicasio, Angel Antonio. _9118071 |
| 245 | 1 | 0 |
_aUso de leguminosas en la agricultura de cobertura en Los Chimalapas : _buna experiencia educativa del Departamento de Agroecología de la UACH _c/por Angel Antonio Vargas Nicasio |
| 260 |
_aMéxico, D.F. : _bFundación Rockefeller, _c2002. |
||
| 300 |
_a195 p. : _bilus. |
||
| 410 | 0 | 0 | _aRed de Gestión de Recursos Naturales |
| 490 | 0 | _aSerie : estudios de caso sobre participación campesina en generación, validación y transferencia de tecnología | |
| 590 |
_aBATCH-UPD _b10 _c20130110 _lUCH01 _h0529 |
||
| 590 |
_aBATCH-UPD _b10 _c20130110 _lUCH01 _h2222 |
||
| 590 |
_aBATCH-UPD _b10 _c20130410 _lUCH01 _h0209 |
||
| 590 |
_aBATCH-UPD _b10 _c20130410 _lUCH01 _h1632 |
||
| 590 |
_aBATCH-UPD _b10 _c20130913 _lUCH01 _h1841 |
||
| 590 |
_aCONVERSION _b10 _c20130109 _lUCH01 _h1348 |
||
| 650 | 0 | 4 |
_aAbonos verdes. _9282 |
| 650 | 0 | 4 |
_aCultivos de cobertura. _930371 |
| 650 | 0 | 4 |
_aLeguminosas _xOaxaca. _965843 |
| 650 | 0 | 4 |
_aLeguminosas _zChiapas. _965859 |
| 810 | 0 | 0 |
_aRed de Gestión de Recursos Naturales _995346 |
| 830 | 0 | 0 |
_aSerie : estudios de caso sobre participación campesina en generación, validación y transferencia de tecnología _9104567 |
| 901 | _aBK | ||
| 905 | _aAlejandra Carrasco M. | ||
| 942 | _cLIBRO | ||
| 949 |
_a635.964 V5 _bBC _cLIBRO _d33724000888616 _eLIBRO _h103519 _i98610 _si |
||
| 999 |
_c87093 _d87093 |
||